000
00329nam a22001337a 4500
020
_a
0340872764
082
_a
330.03
100
_a
Wall, Nancy et al.
245
_a
The complete A-Z economics & business studies handbook
250
_a
3rd ed.
260
_a
London
_b
Hodder and Stoughton
_c
2003
300
_a
341p
942
_c
BK
999
_c
3493
_d
3493